| 000 | 00370nam a2200121 4500 | ||
|---|---|---|---|
| 999 |
_c10028 _d10028 |
||
| 008 | 180726b ||||| |||| 00| 0 eng d | ||
| 100 |
_929629 _aJacobs, Sally H. |
||
| 245 |
_aSmuggling a souvenir from Cuba: lung cancer vaccine/ _cSally H. Jacobs |
||
| 260 |
_aPhillippines _bManila Bulletin _cc2016 |
||
| 300 | _apage 11. | ||
| 650 | 0 |
_929630 _aVaccines. |
|
| 942 |
_2ddc _cPER |
||